'N' Cartoon Characters by Picture Quiz Stats

 Plays Quiz Updated Jan 16, 2017

Support Sporcle.
Go Orange.
Score 0/16 Timer 06:00
8 Plays Today
Column Character % Correct
Nemo
96%
Ned Flanders
85.3%
Nala
84.9%
Nesquik Bunny
66.5%
Naruto Uzumaki
53%
Nana
52.6%
Nigel Thornberry
47.2%
Nick Wilde
46.6%
Column Character % Correct
Ninetales
43.5%
Nightwing
40.6%
Nightcrawler
38.8%
Norman Babcock
35.6%
Nani Pelekai
31.8%
Nermal
26%
Neil Goldman
25.9%
Nibbler
25.2%

You're not logged in!

Compare scores with friends on all Sporcle quizzes.
OR
Log In
Forgot?

From the Vault

Before Battling Brock

by naqwerty3

Gaming 4m
Better hope you picked Bulbasaur.
Remove Ads.
Support Sporcle.
Get the best of Sporcle when you Go Orange. This ad-free experience offers more features, more stats, and more fun while also helping to support Sporcle. Thank you for becoming a member.

Show Comments

Extras

Top Quizzes Today


Score Distribution

Your Account Isn't Verified!

In order to create a playlist on Sporcle, you need to verify the email address you used during registration. Go to your Sporcle Settings to finish the process.

Report this User

Report this user for behavior that violates our Community Guidelines.

Details: